000 00651cam a22002291 4500
001 med48001467
003 DLC
005 20260227111611.0
008 860107t19481945miua 000 0 eng c
010 _amed48001467
035 _a(OCoLC)12985651
040 _aU.S. Army Medical Libr.
_cGU
_dDLC
042 _apremarc
050 0 0 _aQL757
_b.H35 1948
082 _a591.69
100 1 _aHawkins, Philip A.
_q(Philip Alba),
_d1915-1951.
245 1 0 _aExperimental parasitology.
250 _a[1st revision, 1947]
260 _aEast Lansing,
_bMichigan State College Press
_c[1948, c1945]
300 _a42 l.
_billus.
_c28 cm.
650 0 _aParasites.
999 _c39033
_d39033